000 00631nam a22001937a 4500
005 20170808122045.0
010 _aENG-119536
020 _a9788170547419
_c600.00
035 _aEN-103068
037 _bDBAD/PUB
082 _a362.2
100 _aRajendran,T.
245 _aPlight of senior citizens:
_c by T. Ranjendran
_bfamilies and old age homes /
260 _aNew Delhi
_bClassical Publishing Company
_c2016
270 _a28, Shopping Centre, Karampura,
_bNew Delhi
_e110015
300 _avii,208p. ;
_c22cm(Hb)
_bill.
500 _aIncludes bibliographical references
942 _2ddc
_cEN
_h362.2
_m RAJ
999 _c143150
_d143150